[Event "HUN-chT2 Asztalos 1213"]
[Site "Hungary"]
[Date "2012.10.07"]
[Round "2.7"]
[White "Galambos, Menyhert"]
[Black "Szijarto, Attila"]
[Result "1/2-1/2"]
[WhiteElo "2009"]
[BlackElo "2101"]
[PlyCount "143"]
[EventDate "2012.09.16"]
[EventType "team-tourn"]
[EventRounds "9"]
[EventCountry "HUN"]
[SourceTitle "EXT 2014"]
[Source "ChessBase"]
[SourceDate "2013.11.20"]
[SourceVersion "1"]
[SourceVersionDate "2013.11.20"]
[SourceQuality "1"]
[WhiteTeam "Baja"]
[BlackTeam "Nagyatad"]
[WhiteTeamCountry "HUN"]
[BlackTeamCountry "HUN"]

1. d4 Nf6 2. c4 e5 3. dxe5 Ng4 4. Bf4 g5 5. Bg3 Nc6 6. Nf3 Bg7 7. Nc3 Ngxe5 8. e3 0-0 9. Be2 Nxf3+ 10. Bxf3 Ne5 11. Be2 d6 12. 0-0 Be6 13. Qa4 Qe8 14. Qb4 Qc6 15. Bxe5 Bxe5 16. Rfd1 Qb6 17. Qxb6 axb6 18. Nb5 Rac8 19. Nd4 Bd7 20. Rab1 Ra8 21. a3 g4 22. e4 Rfe8 23. f3 gxf3 24. gxf3 Kh8 25. Kh1 Rg8 26. Nf5 Bxf5 27. exf5 Rg5 28. Bd3 Rag8 29. Rd2 Bd4 30. h3 Rg3 31. Be4 Rxh3+ 32. Rh2 Rhg3 33. Rh5 f6 34. Bd5 R8g7 35. Re1 Rg1+ 36. Rxg1 Rxg1+ 37. Kh2 c6 38. Bf7 Rg7 39. Be6 Bxb2 40. a4 Be5+ 41. Kh1 Re7 42. Kg2 Kg7 43. Rh1 Bd4 44. Rh4 Be3 45. Rg4+ Kh6 46. Rh4+ Kg5 47. Rg4+ Kh5 48. Kg3 Bd2 49. Rh4+ Kg5 50. f4+ Bxf4+ 51. Rxf4 Re8 52. Rg4+ Kh6 53. Rd4 Ra8 54. Rxd6 Rxa4 55. Rd7 Ra7 56. Kg4 Ra1 57. Rxb7 Rg1+ 58. Kf3 b5 59. Rf7 bxc4 60. Rxf6+ Kg5 61. Rf8 Rc1 62. Rc8 c3 63. Rxc6 h5 64. Ke2 h4 65. Bd7 Rc2+ 66. Kf3 h3 67. Rg6+ Kh5 68. Be8 h2 69. Rg3+ Kh4 70. Rg4+ Kh3 71. Rg3+ Kh4 72. Rg4+ 1/2-1/2

[Event "HUN-chT2 Asztalos 1112"]
[Site "Hungary"]
[Date "2012.03.25"]
[Round "8.7"]
[White "Kovacs, Tibor"]
[Black "Galambos, Menyhert"]
[Result "0-1"]
[WhiteElo "1945"]
[BlackElo "1914"]
[PlyCount "101"]
[EventDate "2011.09.25"]
[EventType "team-tourn"]
[EventRounds "11"]
[EventCountry "HUN"]
[SourceTitle "EXT 2013"]
[Source "ChessBase"]
[SourceDate "2012.11.22"]
[SourceVersion "1"]
[SourceVersionDate "2012.11.22"]
[SourceQuality "1"]
[WhiteTeam "Pecs Karmin"]
[BlackTeam "Baja"]
[WhiteTeamCountry "HUN"]
[BlackTeamCountry "HUN"]

1. e4 e6 2. d3 d5 3. Nd2 Nc6 4. g3 Nf6 5. Bg2 Bc5 6. Ne2 e5 7. exd5 Nxd5 8. Ne4 Be7 9. N4c3 Be6 10. 0-0 0-0 11. h3 Qd7 12. Nxd5 Bxd5 13. Bxd5 Qxd5 14. Nc3 Qe6 15. Kg2 Nd4 16. Be3 Qc6+ 17. f3 Nf5 18. Bf2 Bc5 19. Qe2 Nd4 20. Bxd4 exd4 21. Ne4 Rfe8 22. Qd2 Re5 23. Rae1 Rae8 24. Nxc5 Qxc5 25. Rxe5 Rxe5 26. Kf2 h6 27. Re1 Rxe1 28. Kxe1 Qf5 29. Qe2 Qxh3 30. Qe8+ Kh7 31. Qxf7 Qxg3+ 32. Kd2 Qg6 33. Qxc7 Qg2+ 34. Ke1 Qg1+ 35. Ke2 Qe3+ 36. Kf1 Qxf3+ 37. Kg1 h5 38. Qc5 Qg4+ 39. Kh2 b6 40. Qd5 h4 41. c3 Qf4+ 42. Kh1 Qc1+ 43. Kh2 Qxb2+ 44. Kh3 Qf2 45. Qh5+ Kg8 46. Qd5+ Kf8 47. Qa8+ Kf7 48. Qxa7+ Kg6 49. Qxb6+ Kh7 50. Qc7 dxc3 51. Qe5 0-1

[Event "HUN-ch U16"]
[Site "Celldoemoelk"]
[Date "2011.06.28"]
[Round "2"]
[White "Galambos, Menyhert"]
[Black "Ongai, Erik"]
[Result "1/2-1/2"]
[WhiteElo "1906"]
[BlackElo "1956"]
[PlyCount "87"]
[EventDate "2011.06.27"]
[EventType "swiss"]
[EventRounds "7"]
[EventCountry "HUN"]
[SourceTitle "EXT 2012"]
[Source "ChessBase"]
[SourceDate "2011.11.24"]
[SourceVersion "1"]
[SourceVersionDate "2011.11.24"]
[SourceQuality "1"]

1. d4 d5 2. c4 c6 3. Nc3 Nf6 4. e3 e6 5. Nf3 Be7 6. Bd3 0-0 7. 0-0 Nbd7 8. e4 dxc4 9. Bxc4 b5 10. Bd3 Bb7 11. Re1 a6 12. Bf4 Qb6 13. e5 Nd5 14. Nxd5 cxd5 15. Bg5 Qd8 16. Qd2 Re8 17. Rac1 Nf8 18. Bxe7 Qxe7 19. Rc5 Rec8 20. Rec1 Nd7 21. Rc7 Rab8 22. Ne1 Qd8 23. Qc2 Nb6 24. Bxh7+ Kh8 25. Bd3 Nc4 26. Rxc8 Rxc8 27. Qe2 Qg5 28. Rc2 g6 29. Nf3 Qe7 30. Nd2 Kg7 31. b3 Nxd2 32. Rxc8 Nf3+ 33. Qxf3 Bxc8 34. Qd1 Qb4 35. Bb1 Qc3 36. g3 b4 37. Kg2 Bd7 38. Qf3 Qc1 39. Qf6+ Kg8 40. Qd8+ Kg7 41. Qf6+ Kg8 42. Qd8+ Kg7 43. Qf6+ Kg8 44. Qd8+ 1/2-1/2

[Event "HUN-ch U16"]
[Site "Celldoemoelk"]
[Date "2011.06.27"]
[Round "1"]
[White "Bagi, Mate"]
[Black "Galambos, Menyhert"]
[Result "1/2-1/2"]
[WhiteElo "2313"]
[BlackElo "1906"]
[PlyCount "144"]
[EventDate "2011.06.27"]
[EventType "swiss"]
[EventRounds "7"]
[EventCountry "HUN"]
[SourceTitle "EXT 2012"]
[Source "ChessBase"]
[SourceDate "2011.11.24"]
[SourceVersion "1"]
[SourceVersionDate "2011.11.24"]
[SourceQuality "1"]

1. e4 Nf6 2. e5 Nd5 3. d4 d6 4. c4 Nb6 5. exd6 exd6 6. Nc3 Nc6 7. h3 Bf5 8. Be3 Be7 9. Nf3 Qd7 10. d5 Nd8 11. a4 c5 12. dxc6 bxc6 13. a5 Nc8 14. Nd4 Bg6 15. Be2 Rb8 16. Qd2 c5 17. Nf3 Nc6 18. 0-0 Bf6 19. Rfd1 Qd8 20. Nb5 0-0 21. a6 Rb6 22. Qe1 Qe7 23. Nxd6 Rxb2 24. Nb7 Nd4 25. Nxd4 cxd4 26. Bd2 d3 27. Bxd3 Bxd3 28. Qxe7 Nxe7 29. Be3 Bxc4 30. Bxa7 Bxa6 31. Rxa6 Rxb7 32. Bc5 Re8 33. Re1 Rc8 34. Bd6 Nf5 35. Bf4 Re7 36. Rb1 Nd4 37. Be3 Ne6 38. g3 h6 39. Kg2 Rd7 40. Rb4 Nc5 41. Ra2 Nd3 42. Rg4 Kh7 43. h4 Rc2 44. Ra6 Ne5 45. Rb4 Nc4 46. Ba7 Bd4 47. Bxd4 Rxd4 48. Rb7 Ne5 49. Re7 Rd5 50. Ra8 Ng4 51. Rxf7 Rf5 52. Rxf5 Ne3+ 53. Kf3 Nxf5 54. Ra4 Nd6 55. Ra6 Rd2 56. Rc6 Kg6 57. Ke3 Rd5 58. g4 h5 59. f3 hxg4 60. fxg4 Kf7 61. Rc7+ Kf6 62. Ra7 Re5+ 63. Kf4 Re4+ 64. Kf3 Re6 65. g5+ Kg6 66. h5+ Kxg5 67. Rxg7+ Kxh5 68. Kf4 Re4+ 69. Kf3 Ra4 70. Rg8 Nf5 71. Rg1 Nh4+ 72. Ke3 Rb4 1/2-1/2

[Event "HUN-chT2 Asztalos 1011"]
[Site "Hungary"]
[Date "2011.03.27"]
[Round "7.8"]
[White "Fath, Jozsef Jr"]
[Black "Galambos, Menyhert"]
[Result "0-1"]
[WhiteElo "2002"]
[BlackElo "1921"]
[PlyCount "58"]
[EventDate "2010.09.12"]
[EventType "team-tourn"]
[EventRounds "11"]
[EventCountry "HUN"]
[SourceTitle "EXT 2012"]
[Source "ChessBase"]
[SourceDate "2011.11.24"]
[SourceVersion "1"]
[SourceVersionDate "2011.11.24"]
[SourceQuality "1"]
[WhiteTeam "Dombovar"]
[BlackTeam "Baja"]
[WhiteTeamCountry "HUN"]
[BlackTeamCountry "HUN"]

1. d4 d5 2. Nf3 Nf6 3. Bf4 c5 4. dxc5 e6 5. e3 Bxc5 6. Bb5+ Bd7 7. Bxd7+ Nbxd7 8. 0-0 0-0 9. Nbd2 Re8 10. Nb3 Bb6 11. h3 e5 12. Bg5 h6 13. Bh4 Qc7 14. c3 Rad8 15. Kh1 Qc6 16. Rc1 Nf8 17. Bg3 Ng6 18. Nh4 Ne4 19. Qg4 Nxg3+ 20. Qxg3 Nxh4 21. Qxh4 Qc4 22. Qg4 Re6 23. Qd1 Rg6 24. Qc2 Rf6 25. Nd2 Qh4 26. Nf3 Rxf3 27. gxf3 Qxh3+ 28. Kg1 Rd6 29. Rcd1 f5 0-1

[Event "HUN-ch U14"]
[Site "Budapest"]
[Date "2010.07.01"]
[Round "6"]
[White "Galambos, Menyhert"]
[Black "Grimm, Gyorgy"]
[Result "1-0"]
[WhiteElo "1894"]
[BlackElo "1689"]
[PlyCount "71"]
[EventDate "2010.06.26"]
[EventType "swiss"]
[EventRounds "9"]
[EventCountry "HUN"]
[SourceTitle "CBM 137 Extra"]
[Source "ChessBase"]
[SourceDate "2010.09.01"]
[SourceVersion "1"]
[SourceVersionDate "2010.09.01"]
[SourceQuality "1"]

1. d4 Nf6 2. c4 g6 3. Nc3 Bg7 4. e4 d6 5. Nf3 0-0 6. Be2 c5 7. d5 e6 8. 0-0 exd5 9. exd5 Re8 10. Bd3 Bg4 11. h3 Bxf3 12. Qxf3 Nbd7 13. Be2 Ne5 14. Qg3 a6 15. a4 Qc7 16. f4 Ned7 17. Bd3 Nh5 18. Qf3 Nhf6 19. Bd2 Re7 20. Rae1 Rae8 21. g4 h5 22. g5 Nh7 23. Qg3 Bd4+ 24. Kh1 Nhf8 25. Bc2 Nb6 26. b3 Nc8 27. Ne4 Nh7 28. f5 Be5 29. Qg2 Rf8 30. Nf6+ Kh8 31. Nxh7 Kxh7 32. fxg6+ Kg7 33. Qf3 Rh8 34. Rxe5 dxe5 35. Qf6+ Kg8 36. g7 1-0

[Event "HUN-chT U18"]
[Site "Miskolc"]
[Date "2009.10.30"]
[Round "8.26"]
[White "Molnar, Levente"]
[Black "Galambos, Menyhert"]
[Result "0-1"]
[WhiteElo "1666"]
[BlackElo "1913"]
[PlyCount "66"]
[EventDate "2009.10.26"]
[EventType "team-swiss"]
[EventRounds "8"]
[EventCountry "HUN"]
[SourceTitle "EXT 2016"]
[Source "ChessBase"]
[SourceDate "2015.10.08"]
[SourceVersion "1"]
[SourceVersionDate "2015.10.08"]
[SourceQuality "1"]

1. e4 e6 2. d4 d5 3. Nc3 Nf6 4. Bg5 Be7 5. Bxf6 Bxf6 6. e5 Be7 7. Nf3 c5 8. Bb5+ Nc6 9. 0-0 Bd7 10. Ne2 0-0 11. Bxc6 Bxc6 12. c3 c4 13. b3 b5 14. b4 g5 15. h3 Qc7 16. Qd2 Qd8 17. Nh2 f5 18. f4 h6 19. a3 Qe8 20. Ng3 Qg6 21. Qe3 Kh8 22. Qf3 Be8 23. Ne2 Rg8 24. Kh1 Bc6 25. Rg1 g4 26. Qg3 Qh5 27. hxg4 fxg4 28. Qf2 g3 29. Nxg3 Qh4 30. Raf1 Qxg3 31. f5 Qxf2 32. Rxf2 exf5 33. Rxf5 Raf8 0-1

[Event "HUN-chT U18"]
[Site "Miskolc"]
[Date "2009.10.29"]
[Round "6.24"]
[White "Nadasdi, Bela"]
[Black "Galambos, Menyhert"]
[Result "0-1"]
[WhiteElo "1688"]
[BlackElo "1913"]
[PlyCount "80"]
[EventDate "2009.10.26"]
[EventType "team-swiss"]
[EventRounds "8"]
[EventCountry "HUN"]
[SourceTitle "EXT 2016"]
[Source "ChessBase"]
[SourceDate "2015.10.08"]
[SourceVersion "1"]
[SourceVersionDate "2015.10.08"]
[SourceQuality "1"]

1. e4 e6 2. d4 d5 3. exd5 exd5 4. Nf3 Nf6 5. Bf4 c5 6. c3 Nc6 7. Bb5 Bd7 8. Qe2+ Be7 9. Bd6 Ne4 10. dxc5 Bxd6 11. cxd6 0-0 12. 0-0 Nxd6 13. Bxc6 bxc6 14. Nbd2 Re8 15. Qd3 Bf5 16. Qa6 Qc8 17. Qxc8 Raxc8 18. Nd4 Bd3 19. Rfe1 c5 20. N4f3 f6 21. Rxe8+ Rxe8 22. Re1 Ne4 23. Nxe4 dxe4 24. Nd2 f5 25. f3 e3 26. Nb3 c4 27. Nd4 f4 28. g3 g5 29. Kg2 Kf7 30. Kh3 h5 31. gxf4 gxf4 32. Nc6 Ra8 33. Nd4 Kf6 34. b3 cxb3 35. axb3 Rc8 36. c4 Rd8 37. Nc6 Bf5+ 38. Kh4 Rd2 39. Rh1 Rf2 40. Nd4 e2 0-1

[Event "Paks op-A"]
[Site "Paks"]
[Date "2009.10.03"]
[Round "6"]
[White "Kralova, Klaudia"]
[Black "Galambos, Menyhert"]
[Result "0-1"]
[WhiteElo "1752"]
[BlackElo "1913"]
[PlyCount "90"]
[EventDate "2009.09.30"]
[EventType "swiss"]
[EventRounds "7"]
[EventCountry "HUN"]
[SourceTitle "EXT 2011"]
[Source "ChessBase"]
[SourceDate "2010.11.26"]
[SourceVersion "1"]
[SourceVersionDate "2010.11.26"]
[SourceQuality "1"]

1. e4 e6 2. d4 d5 3. Nc3 Nf6 4. Bg5 Be7 5. e5 Nfd7 6. Bxe7 Qxe7 7. f4 a6 8. Nf3 c5 9. Bd3 Nc6 10. 0-0 f6 11. exf6 Nxf6 12. dxc5 Qxc5+ 13. Kh1 b5 14. Qd2 0-0 15. Rae1 Bd7 16. Ng5 Rae8 17. Ne2 e5 18. fxe5 Rxe5 19. c3 Rfe8 20. Nf3 Qe3 21. Qc2 R5e7 22. Ned4 Qxe1 23. Nxe1 Rxe1 24. Qf2 Rxf1+ 25. Qxf1 Nxd4 26. cxd4 Ne4 27. Bxe4 dxe4 28. Qe2 e3 29. h3 Bf5 30. d5 Bd3 31. Qe1 e2 32. d6 Rd8 33. Qc1 Rxd6 34. Qc8+ Kf7 35. Qc7+ Ke8 36. Qc8+ Rd8 37. Qc6+ Kf8 38. Qc5+ Kg8 39. Qe5 Bc4 40. Kh2 b4 41. b3 Bb5 42. Qg3 h6 43. h4 Rd1 44. Qb8+ Kh7 45. Qf8 e1Q 0-1

[Event "EU Union-ch U12"]
[Site "Mureck"]
[Date "2008.08.13"]
[Round "8"]
[White "Galambos, Menyhert"]
[Black "Bida, Mihai Eugen"]
[Result "1/2-1/2"]
[WhiteElo "1696"]
[BlackElo "1952"]
[PlyCount "82"]
[EventDate "2008.08.06"]
[EventType "swiss"]
[EventRounds "9"]
[EventCountry "AUT"]
[SourceTitle "CBM 126 Extra"]
[Source "ChessBase"]
[SourceDate "2008.11.05"]
[SourceVersion "1"]
[SourceVersionDate "2008.11.05"]
[SourceQuality "1"]

1. d4 Nf6 2. c4 e6 3. Nc3 Bb4 4. Qc2 c5 5. dxc5 0-0 6. a3 Bxc5 7. Nf3 Nc6 8. e3 b6 9. Bd3 Bb7 10. 0-0 a5 11. Rd1 Ne7 12. e4 Ng4 13. Rf1 Ng6 14. h3 N4e5 15. Nxe5 Nxe5 16. Bf4 Qf6 17. Bxe5 Qxe5 18. Kh1 Qh5 19. Rad1 Rad8 20. Be2 Qg6 21. Qb1 f5 22. Bf3 f4 23. Na4 e5 24. Nxc5 bxc5 25. Rfe1 Ba6 26. Qc2 Qb6 27. Rd2 d6 28. Red1 Rf7 29. Bg4 Rb7 30. Be6+ Kf8 31. Bd5 Re7 32. Rb1 Bb7 33. Qa4 Bxd5 34. Rxd5 Rb7 35. Rd3 Ke7 36. g3 fxg3 37. Rxg3 g6 38. Rf3 Rf8 39. Rxf8 Kxf8 40. Qd1 Qb3 41. Qxd6+ Kg8 1/2-1/2